| 000 | 00989nam a22001937a 4500 | ||
|---|---|---|---|
| 003 | JO-AjAnu | ||
| 005 | 20250923090122.0 | ||
| 008 | 250922b jo ||||| |||| 00| 0 ara d | ||
| 040 |
_aANU _cJO-AjAnu |
||
| 041 | _hARA | ||
| 100 |
_aالعنيزات، محمد خير نصري _eمعد _966651 |
||
| 245 |
_aالبنية السردية في المجموعة القصصية جداتي الحكيمات لهاشم غرايبة = The Narrative structure in the Short Story Collection My Wise Grandmothers by Hashim Gharaibeh _c / اعداد محمد خير نصري العنيزات ؛ اشراف سلامة العمري |
||
| 260 | _c2025 | ||
| 300 | _a89 ورقة | ||
| 500 | _aرسالة جامعية (رسالة ماجستير في اللغة العربية وآدابها) كلية الآداب / جامعة عجلون الوطنية ؛ 2025 | ||
| 650 | _vالقصة العربية-تاريخ ونقد | ||
| 700 |
_aالعمري، سلامة _eمشرف _966580 |
||
| 942 |
_2lcc _cTHS _n0 |
||
| 999 |
_c33978 _d33978 |
||